Curundán y Busula / (Registro nro. 12347)
[ vista simple ]
| 000 -LIDER | |
|---|---|
| fixed length control field | 00776nam a22002417a 4500 |
| 001 - NÚMERO DE CONTROL | |
| Identificador de número de control | 0011925 |
| 003 - IDENTIFICACDOR DE NÚMERO DE CONTROL | |
| control field | DO-SdBNP |
| 005 - DATE AND TIME OF LATEST TRANSACTION | |
| control field | 20180216105138.0 |
| 007 - CAMPOS FIJOS DE DESCRIPCIÓN FÍSICA | |
| fixed length control field | 0011925 |
| 008 - ELEMENTOS DE LONGITUD FIJA | |
| fixed length control field | 161207b 1992 cu||||| |||| 00| 0 spa d |
| 040 ## - FUENTE DE CATALOGACIÓN | |
| Agencia que crea de manera original el registro | BPMSU |
| Idioma de catalogación | spa |
| Agencia que realiza la transcripción | BPMSU |
| 100 1# - ASIENTO PRINCIPAL -- NOMBRE PERSONAL | |
| Nombre personal | Vian Altarriba, Ivette |
| 245 1# - MENCIÓN DE TITULO | |
| Título | Curundán y Busula / |
| Mención de responsabilidad | Ivette Vian Altarriba ; edición Dolores Blanco Arrastía ; ilustraciones Manuel Tomás González |
| 260 ## - PUBLICACIÓN, DISTRIBUCIÓN, ETC. (PIE DE IMPRENTA) | |
| Lugar de publicación, distribución, etc | La Habana, Cuba : |
| Nombre del editor, distribuidor, etc. | Gente Nueva, |
| Fecha de publicación, distribución, etc | 1992. |
| 300 ## - DESCRIPCIÓN FÍSICA | |
| Extensión | 79 p. : |
| Otros detalles físicos | il., |
| Dimensiones | 24 cm. |
| 490 1# - MENCIÓN DE SERIES | |
| Mención de serie | Biblioteca escolar |
| 700 1# - ASIENTO SECUNDARIO -- NOMBRE PERSONAL | |
| Nombre personal | Blanco Arrastía, Dolores, |
| Mención de responsabilidad | ed. |
| 700 1# - ASIENTO SECUNDARIO -- NOMBRE PERSONAL | |
| Nombre personal | González, Manuel Tomás |
| Mención de responsabilidad | il. |
| 830 #0 - ASIENTO SECUNDARIO DE SERIE--TÍTULO UNIFORME | |
| Título uniforme | Biblioteca escolar |
| 942 ## - ADDED ENTRY ELEMENTS (KOHA) | |
| Source of classification or shelving scheme | Dewey Decimal Classification |
| Koha item type | Libros |
| 945 ## - INFORMACIÓN DE PROCESAMIENTO LOCAL | |
| Información de procesamiento local | Inventariado, 2018/MFF |
| 956 ## - LOCAL ELECTRONIC LOCATION AND ACCESS (OCLC) | |
| Nombre de host | BTAVÁREZ |
| Número de acceso | 10 |
| Información de compresión | 20161207 |
| Trayectoria | 0011925 |
| Withdrawn status | Lost status | Source of classification or shelving scheme | Damaged status | Not for loan | Collection code | Home library | Current library | Date acquired | Total Checkouts | Full call number | Barcode | Date last seen | Price effective from | Koha item type |
|---|---|---|---|---|---|---|---|---|---|---|---|---|---|---|
| Dewey Decimal Classification | Colección Infantil General | Biblioteca Pública Metropolitana Salomé Ureña | Biblioteca Pública Metropolitana Salomé Ureña | 12/07/2016 | xxxxxxxxx xxxxxxxxx | BPMSU16120202 | 12/07/2016 | 12/07/2016 | Libros |